00816 2200277 4500001002100000005001700021008004100038020002200079035002500101040001200126082001400138084001600152100002400168245010100192250001100293260002800304300003500332500001100367504003100378650004400409700001900453850001200472990001800484990001800502990001800520INLIS00000000001303420150916155035.0  a978-602-258-267-0 a0010-091500000001547 aYOPDYOG 223a323.6 a323.6 Win P aWINARNO Narmoatmojo aPendidikan Kewarganegaraan untuk Perguruan Negeric/ Winarno Narmoatmojo; Editor, Lia Noviastuti aCet. 1 aYogyakartabOmbakc2015 aix, 200 hlmb: ilus.c; 21 cm. aIndeks aBibliografi : hlm. 191-197 aKewarganegaraan -- studi dan pengajaran aLIA Noviastuti aYOPDYOG a22969-PD/B.15 a22970-PD/B.15 a22971-PD/B.15